| 000 | 00738nam a22002417a 4500 | ||
|---|---|---|---|
| 005 | 20170124110100.0 | ||
| 010 | _aB-007039 | ||
| 020 |
_c00.00 _a00744634380 |
||
| 035 | _aB-007039 | ||
| 037 | _bCen Lib/Ret | ||
| 040 |
_aDPL _bEN |
||
| 082 |
_a658.5 _bCHA |
||
| 100 |
_aChary, S.N. _926973 |
||
| 245 |
_aProduction and operations management / _cby S.N. Chary |
||
| 250 | _a2nd ed | ||
| 260 |
_aNew Delhi _bTata McGraw Hill Publishing _c2000 |
||
| 270 |
_a7,West Patel Nagar _bNew Delhi _e110008 |
||
| 300 |
_a626p. _c23cm(Hb) |
||
| 500 | _aIncludes bibliographical reference and index | ||
| 650 |
_aProduction management _96931 |
||
| 650 |
_aIndustrial management _9105895 |
||
| 942 |
_2ddc _cEN _h658.5 _mCHA |
||
| 999 |
_c129636 _d129636 |
||